[Event "DRUZYNOWE MISTRZOSTWA POLSKI JUNIOROW - II LIGA"]
[Site "Szczyrk, CKiR Orle Gniazdo ul. Wrzosowa 28a"]
[Date "2014-07-27"]
[Round "4.25"]
[White "Sanz Wawer, Daniel"]
[Black "Tomczak, Mikolaj"]
[Result "0-1"]
[WhiteTitle "I"]
[BlackTitle "k"]
[WhiteElo "1736"]
[BlackElo "2158"]

1. e4 c5 2. Nf3 e6 3. c3 d5 4. exd5 Qxd5 5. d4 Nf6 6. Na3 Qd8 7. Bg5 Nc6 8. dxc5
Bxc5 9. Qxd8+ Kxd8 10. O-O-O Ke7 11. Nb5 Bd7 12. Bh4 a6 13. Nbd4 Rac8 14. Kb1
h6 15. Bc4 g5 16. Bg3 Ne4 17. Rhe1 Nxg3 18. Nxc6+ Bxc6 19. fxg3 Rhd8 20. Rxd8
Rxd8 21. Kc2 Rd6 22. Re2 f5 23. b4 Ba7 24. Nd4 Be4+ 25. Bd3 Bxd3+ 26. Kxd3 Kf6
27. Kc4 b5+ 28. Kb3 Bxd4 29. cxd4 Rxd4 30. a4 h5 31. axb5 axb5 32. Kc3 Rc4+ 33.
Kb3 h4 34. gxh4 Rxh4 35. g3 Rd4 36. Rc2 f4 37. Rf2 Kf5 38. gxf4 gxf4 39. Kc3 Rc4+
40. Kb3 e5 41. h4 e4 42. Rg2 f3 43. Rg5+ Kf4 44. Rxb5 f2 45. Rb8 Rc1 0-1

[Event "DRUZYNOWE MISTRZOSTWA POLSKI JUNIOROW - II LIGA"]
[Site "Szczyrk, CKiR Orle Gniazdo ul. Wrzosowa 28a"]
[Date "2014-07-27"]
[Round "4.26"]
[White "Pilzak, Marcin"]
[Black "Jarzebowski, Kacper"]
[Result "1-0"]
[WhiteTitle "I++"]
[BlackTitle "II+"]
[WhiteElo "1974"]
[BlackElo "1548"]

1. e4 c5 2. Nf3 a6 3. c4 Nc6 4. Nc3 d6 5. d4 cxd4 6. Nxd4 g6 7. Be3 Bg7 8. Qd2
Nf6 9. f3 Bd7 10. Be2 O-O 11. O-O Rc8 12. Rac1 Kh8 13. Rfd1 Qc7 14. Nd5 Qd8 15.
b4 Nxd4 16. Bxd4 Nxd5 17. exd5 Bxd4+ 18. Qxd4+ f6 19. f4 a5 20. a3 b6 21. Rc3
Qc7 22. Re3 Rfe8 23. Bd3 axb4 24. axb4 Kg7 25. Rde1 Kf7 26. f5 Bxf5 27. Bxf5 gxf5
28. Qh4 Kg8 29. Rh3 e6 30. Rg3+ Kf8 31. Qh6+ Ke7 32. Rxe6+ 1-0

[Event "DRUZYNOWE MISTRZOSTWA POLSKI JUNIOROW - II LIGA"]
[Site "Szczyrk, CKiR Orle Gniazdo ul. Wrzosowa 28a"]
[Date "2014-07-27"]
[Round "4.27"]
[White "Baum, Jonasz"]
[Black "Nowak, Mikolaj"]
[Result "1-0"]
[WhiteTitle "II+"]
[BlackTitle "I"]
[WhiteElo "1632"]
[BlackElo "1717"]

1. e4 c6 2. d4 d5 3. f3 e6 4. Nc3 Bb4 5. Bf4 Nf6 6. e5 Nfd7 7. a3 Ba5 8. Nge2 c5
9. Bg3 Nc6 10. f4 cxd4 11. Nxd4 Qb6 12. Ndb5 a6 13. Bf2 d4 14. Nd6+ Kf8 15. Nc4
Qc7 16. Bxd4 b5 17. Nxa5 Nxa5 18. Be2 Bb7 19. Bf3 Rc8 20. Bxb7 Qxb7 21. O-O Nc4
22. b3 Nxa3 23. Rxa3 b4 24. Ra1 bxc3 25. Qd3 Qb5 26. Qxb5 axb5 27. Ra5 Ke7 28.
Rxb5 Rhd8 29. Rf3 Rc6 30. Rxc3 Rxc3 31. Bxc3 Rc8 32. Bb4+ Kd8 33. c4 Ra8 34. Ba5+
Kc8 35. b4 Ra6 36. Kf2 Rc6 37. c5 f6 38. exf6 gxf6 39. Kf3 e5 40. f5 h6 41. g4
Ra6 42. h4 Ra7 43. c6 Nb8 44. c7 Nd7 45. Ke4 Ra6 46. Kd5 Ra7 47. Rb6 Nxb6+ 48.
Bxb6 Ra6 49. Kc6 e4 50. b5 Ra2 51. Bc5 Rb2 52. b6 Rb1 53. g5 h5 54. g6 e3 55.
g7 e2 56. g8=R# 1-0

[Event "DRUZYNOWE MISTRZOSTWA POLSKI JUNIOROW - II LIGA"]
[Site "Szczyrk, CKiR Orle Gniazdo ul. Wrzosowa 28a"]
[Date "2014-07-27"]
[Round "4.28"]
[White "Dembinski, Bartosz"]
[Black "Czernek, Tymon"]
[Result "0-1"]
[WhiteTitle "II"]
[BlackTitle "II"]
[WhiteElo "1261"]
[BlackElo "1508"]

1. e4 c6 2. d4 d5 3. exd5 cxd5 4. Bd3 Nc6 5. Nf3 Bg4 6. Be3 e6 7. Nbd2 Bd6 8. h3
Bh5 9. g4 Bg6 10. Bxg6 hxg6 11. c4 dxc4 12. Nxc4 Bb4+ 13. Bd2 Bxd2+ 14. Qxd2 Qd5
15. Nce5 Nxe5 16. dxe5 Qxf3 17. Rg1 Rd8 18. Qc2 Ne7 19. Qc5 Rd5 20. Qe3 Qxe3+
21. fxe3 Rxe5 22. Kf2 Rxh3 23. Rae1 Nd5 24. e4 Nf6 25. Kg2 Rd3 26. Re2 Rxe4 27.
Rc2 Rxg4+ 28. Kf2 Ne4+ 29. Ke2 Rxg1 30. Kxd3 f5 31. Ke3 Kd7 32. b4 e5 33. b5 Rg3+
34. Ke2 0-1

[Event "DRUZYNOWE MISTRZOSTWA POLSKI JUNIOROW - II LIGA"]
[Site "Szczyrk, CKiR Orle Gniazdo ul. Wrzosowa 28a"]
[Date "2014-07-27"]
[Round "4.29"]
[White "Reda, Lucja"]
[Black "Glapa, Anna"]
[Result "1/2-1/2"]
[WhiteTitle "II"]
[BlackTitle "I++"]
[WhiteElo "1244"]
[BlackElo "1680"]

1. d4 d5 2. Nf3 c6 3. e3 Bf5 4. Nbd2 Nd7 5. Be2 Ngf6 6. O-O e6 7. Ne5 Ne4 8. f4
f6 9. Nxd7 Qxd7 10. c3 Bd6 11. Nxe4 Bxe4 12. Bd3 Bxd3 13. Qxd3 O-O-O 14. b4 g5
15. a4 Rhg8 16. b5 Kb8 17. Bd2 gxf4 18. exf4 c5 19. dxc5 Bxc5+ 20. Be3 Qg7 21.
g3 Bxe3+ 22. Qxe3 e5 23. fxe5 fxe5 24. Rad1 Rge8 25. Qc5 Qe7 26. Rxd5 Rxd5 27.
Qxd5 Qg5 28. Re1 h5 29. Qe4 Qd2 30. Qe3 Qd5 31. Qg5 Qf3 32. Qe3 Qd5 33. Qg5 Qf3
34. Qe3 Qd5 35. Qg5 Qf3 36. Qe3 Qd5 37. Qg5 Qf3 38. Qe3 Qd5 39. Qg5 Qf3 40. Qe3
Qd5 41. Qg5 1/2-1/2

[Event "DRUZYNOWE MISTRZOSTWA POLSKI JUNIOROW - II LIGA"]
[Site "Szczyrk, CKiR Orle Gniazdo ul. Wrzosowa 28a"]
[Date "2014-07-27"]
[Round "4.30"]
[White "Tomczak, Marta"]
[Black "Tarka, Aleksandra"]
[Result "1-0"]
[WhiteTitle "II"]
[BlackTitle "I"]
[WhiteElo "1293"]
[BlackElo "1352"]

1. e4 c5 2. c3 Nf6 3. e5 Nd5 4. d4 cxd4 5. Qxd4 e6 6. Nf3 Nc6 7. Qe4 f5 8. Qe2
Be7 9. g3 d6 10. exd6 Bxd6 11. Bg2 Be7 12. O-O O-O 13. Rd1 Qb6 14. c4 Nf6 15.
b3 Bc5 16. Nc3 Qc7 17. Bf4 Qe7 18. Ne5 Nxe5 19. Bxe5 Ng4 20. Bd4 Bxd4 21. Rxd4
e5 22. Nd5 Qf7 23. Rdd1 Be6 24. h3 Nf6 25. Nxf6+ gxf6 26. Bd5 Bxd5 27. Rxd5 Rad8
28. Rad1 Rxd5 29. Rxd5 Qc7 30. Qd3 e4 31. Qd4 Qc8 32. Qxa7 f4 33. g4 f3 34. Qe3
Qe6 35. Rf5 Qc6 36. Qd4 Qe6 37. Rf4 f5 38. gxf5 Rxf5 39. Qxe4 Rg5+ 40. Kf1 Qxh3+
41. Ke1 Rg1+ 42. Kd2 Qd7+ 43. Qd5+ Qxd5+ 44. cxd5 Rg5 45. Rd4 Kf7 46. Ke3 Rf5
47. Ke4 Rf6 48. d6 Ke8 49. d7+ Kd8 50. a4 Rf7 51. b4 Rxd7 52. Rxd7+ Kxd7 53. Kxf3
Kd6 54. Kg4 Ke6 55. b5 b6 56. f4 h5+ 57. Kxh5 Kf5 58. a5 bxa5 59. b6 a4 60. b7
a3 61. b8=Q 1-0

[Event "DRUZYNOWE MISTRZOSTWA POLSKI JUNIOROW - II LIGA"]
[Site "Szczyrk, CKiR Orle Gniazdo ul. Wrzosowa 28a"]
[Date "2014-07-27"]
[Round "4.31"]
[White "Snihur, Piotr"]
[Black "Osinski, Emil"]
[Result "1/2-1/2"]
[WhiteTitle "k"]
[BlackTitle "I"]
[WhiteElo "2147"]
[BlackElo "1937"]

1. d4 Nf6 2. c4 c5 3. d5 b5 4. cxb5 a6 5. bxa6 Bxa6 6. Nc3 g6 7. e4 Bxf1 8. Kxf1
d6 9. g3 Bg7 10. Kg2 O-O 11. Nf3 Nbd7 12. h3 Qb6 13. Qc2 Rfb8 14. Rb1 Ne8 15.
Bd2 Nc7 16. h4 Nb5 17. Nxb5 Qxb5 18. b3 h5 19. Rhc1 Ra3 20. b4 c4 21. Be3 c3 22.
Bd4 Bxd4 23. Nxd4 Qc4 24. Nc6 Rba8 25. Rb3 Rxa2 26. Rxc3 Qb5 27. Qd3 Qxd3 28.
Rxd3 Kf8 29. Rdc3 Rb2 30. R1c2 Rb1 31. Kf3 Raa1 32. Ke3 Nb6 33. Kd4 Ke8 34. Rd3
Kd7 35. Nb8+ Kd8 36. Nc6+ Kd7 37. Rdd2 e6 38. dxe6+ fxe6 39. Ke3 d5 40. Ne5+ Kd6
41. Rc6+ Kxe5 42. f4+ Kf6 43. Rxb6 Re1+ 44. Re2 Rxe2+ 45. Kxe2 dxe4 46. Rb5 Ra3
47. Kf2 Rb3 48. Rb6 Kf5 49. Rb5+ Kf6 50. Rb6 Rf3+ 51. Kg2 Rb3 52. Kf2 1/2-1/2

[Event "DRUZYNOWE MISTRZOSTWA POLSKI JUNIOROW - II LIGA"]
[Site "Szczyrk, CKiR Orle Gniazdo ul. Wrzosowa 28a"]
[Date "2014-07-27"]
[Round "4.32"]
[White "Wolniaczyk, Bartosz"]
[Black "Matlewski, Adam"]
[Result "1/2-1/2"]
[WhiteTitle "II"]
[BlackTitle "I"]
[WhiteElo "1581"]
[BlackElo "1685"]

1. e4 c6 2. d4 d5 3. Nc3 dxe4 4. Nxe4 Bf5 5. Ng3 Bg6 6. N1e2 e6 7. Nf4 Bd6 8. h4
Qc7 9. Nxg6 hxg6 10. Ne4 Bf4 11. Bd2 Ne7 12. g3 Bxd2+ 13. Qxd2 Nd7 14. O-O-O Nf6
15. Bg2 Nxe4 16. Bxe4 O-O-O 17. Rhe1 Rd7 18. f4 Rhd8 19. Qb4 Nd5 20. Bxd5 Rxd5
21. Re5 Kb8 22. Rxd5 cxd5 23. Rd3 Qc4 24. Qxc4 dxc4 25. Rd1 Kc7 26. c3 Kd6 27.
Kd2 Kd5 28. Re1 f6 29. Re2 b5 30. b4 Rd6 31. Kc2 Ra6 32. Kb2 Ra4 33. Re1 a5 34.
a3 axb4 35. axb4 Ra8 36. Re3 Ra7 37. Kb1 Re7 38. Kc2 e5 39. dxe5 fxe5 40. fxe5
Rxe5 41. Kd2 Rf5 42. Ke2 g5 43. hxg5 Rxg5 44. Rf3 Rh5 45. Ke3 Re5+ 46. Kf2 Kd6
47. Rf8 g5 48. Rf6+ Ke7 49. Rf3 Rd5 50. g4 Ke6 51. Re3+ Kd6 52. Ke2 Kd7 53. Kf3
Rd1 54. Re5 Kc6 55. Rxg5 Rd3+ 56. Ke4 Rxc3 57. Rg6+ Kc7 58. Rg7+ Kc6 59. Rg6+
Kc7 60. Rg7+ Kd6 61. Rg6+ Kd7 62. Rg5 Kc6 63. Rg6+ Kb7 64. Kd5 Rd3+ 65. Kc5 c3
66. Kxb5 Rd5+ 67. Kc4 c2 68. Kxd5 c1=Q 69. Ke6 1/2-1/2

[Event "DRUZYNOWE MISTRZOSTWA POLSKI JUNIOROW - II LIGA"]
[Site "Szczyrk, CKiR Orle Gniazdo ul. Wrzosowa 28a"]
[Date "2014-07-27"]
[Round "4.33"]
[White "Leskiewicz, Ignacy"]
[Black "Guzik, Natalia"]
[Result "0-1"]
[WhiteTitle "I"]
[BlackTitle "I+"]
[WhiteElo "1683"]
[BlackElo "1539"]

1. e4 c5 2. Nf3 Nc6 3. d4 cxd4 4. Nxd4 g6 5. Nc3 Bg7 6. Be3 Nf6 7. Bc4 O-O 8. Bb3
d6 9. f3 a6 10. Qd2 Qc7 11. g4 Ne5 12. h4 Nc4 13. Bxc4 Qxc4 14. h5 e6 15. hxg6
fxg6 16. O-O-O b5 17. Kb1 Rb8 18. Qh2 b4 19. Nce2 e5 20. Nb3 Qc7 21. Ng3 Bh8 22.
Rdg1 Rf7 23. Qd2 a5 24. g5 Nd7 25. Qd5 Bb7 26. Qe6 Nf8 27. Qh3 Rxf3 28. Re1 Bxe4
29. Qg2 Ba8 30. Qh2 Rc8 31. Rhf1 a4 32. Rxf3 Bxf3 33. Nc1 a3 34. Nd3 axb2 35.
Nxb4 Qc4 36. Qd2 Rb8 37. a3 Ra8 38. Kxb2 e4+ 39. c3 Be5 40. Bf4 Bxf4 41. Qxf4
d5 42. Qe5 Rd8 43. Qd4 Qxd4 44. cxd4 Ne6 45. Nc6 Rd7 46. Rc1 Rb7+ 47. Kc3 Rc7
48. Kd2 Nxg5 49. a4 Kf8 50. a5 Bg4 51. Nb4 Nf3+ 52. Kd1 Nxd4+ 53. Ne2 Bxe2+ 54.
Kd2 e3+ 55. Kxe3 Rxc1 56. Kxd4 Rc4+ 0-1

[Event "DRUZYNOWE MISTRZOSTWA POLSKI JUNIOROW - II LIGA"]
[Site "Szczyrk, CKiR Orle Gniazdo ul. Wrzosowa 28a"]
[Date "2014-07-27"]
[Round "4.34"]
[White "Bakalarczyk, Jakub"]
[Black "Krol, Marcin"]
[Result "1/2-1/2"]
[WhiteTitle "II"]
[BlackTitle "II+"]
[WhiteElo "1457"]
[BlackElo "1595"]

1. d4 d5 2. c4 e6 3. Nc3 c6 4. Nf3 Nf6 5. Bg5 Bb4 6. Qc2 Qa5 7. Bxf6 gxf6 8. e3
O-O 9. Bd3 f5 10. O-O Nd7 11. Nd2 Nf6 12. f3 c5 13. Nb3 Qc7 14. Nb5 Qe7 15. a3
Bd7 16. axb4 Bxb5 17. bxc5 dxc4 18. Bxc4 Bxc4 19. Qxc4 Kh8 20. Qe2 e5 21. Rfe1
Rfe8 22. Kf2 e4 23. Nd2 Nd5 24. Nc4 Nb4 25. Nd6 Nd3+ 26. Kf1 Qh4 27. Kg1 exf3
28. Qxd3 f2+ 29. Kf1 fxe1=Q+ 30. Rxe1 Re6 31. Nxf7+ Kg8 32. Ne5 Rf8 33. Qc4 Qh6
34. g3 Kh8 35. Kg2 Re7 36. Qd5 Qg7 37. Rf1 h5 38. Qf3 Qg5 39. h4 Qh6 40. Kh2 a6
41. b4 Kh7 1/2-1/2

[Event "DRUZYNOWE MISTRZOSTWA POLSKI JUNIOROW - II LIGA"]
[Site "Szczyrk, CKiR Orle Gniazdo ul. Wrzosowa 28a"]
[Date "2014-07-27"]
[Round "4.35"]
[White "Momot, Weronika"]
[Black "Wojna, Ewelina"]
[Result "1-0"]
[WhiteTitle "I"]
[BlackTitle "I"]
[WhiteElo "1479"]
[BlackElo "1565"]

1. c4 c5 2. g3 Nc6 3. Bg2 g6 4. Nc3 Bg7 5. Nf3 e5 6. O-O Nge7 7. a3 O-O 8. Rb1
d6 9. b4 cxb4 10. axb4 a6 11. Ba3 Rb8 12. b5 axb5 13. Nxb5 Ra8 14. Bxd6 Bf5 15.
d3 Qd7 16. Bh1 Rfd8 17. c5 Ra2 18. Nc7 Nc8 19. Nb5 e4 20. Ng5 exd3 21. exd3 Bh6
22. h4 Re8 23. Ne4 Bg7 24. Nc7 Nxd6 25. cxd6 Rd8 26. Qb3 Ra7 27. Nb5 Be6 28. Nc5
Ra2 29. Nxe6 Qxe6 30. Bd5 Nd4 31. Nxd4 1-0

[Event "DRUZYNOWE MISTRZOSTWA POLSKI JUNIOROW - II LIGA"]
[Site "Szczyrk, CKiR Orle Gniazdo ul. Wrzosowa 28a"]
[Date "2014-07-27"]
[Round "4.36"]
[White "Bakalarczyk, Zuzanna"]
[Black "Waligora, Julia"]
[Result "0-1"]
[WhiteTitle "II"]
[BlackTitle "II+"]
[WhiteElo "1239"]
[BlackElo "1271"]

1. e4 e6 2. d4 d5 3. e5 c5 4. c3 Nc6 5. Nf3 Qb6 6. a3 Nh6 7. b4 cxd4 8. cxd4 Nf5
9. Bb2 Be7 10. Bd3 O-O 11. O-O a5 12. b5 a4 13. Qd2 Na5 14. Qd1 Nb3 15. Ra2 Bd7
16. Bxf5 exf5 17. Nc3 Be6 18. Re1 Rfc8 19. Qd3 Rc4 20. Rd1 Rac8 21. h3 Qa5 22.
Nd2 Rxc3 23. Bxc3 Rxc3 24. Qb1 Nxd4 25. b6 Bxa3 26. Kh1 Bc5 27. Rc1 Rxc1+ 28.
Qxc1 Bxb6 29. Qd1 g6 30. Rxa4 Qc5 31. Ra8+ Kg7 32. Ra1 Nc6 33. Qf1 Nxe5 34. f3
Nc4 35. Qd1 Nxd2 36. Qxd2 Qd4 37. Qc1 Bc5 38. Rb1 b6 39. Qc2 Qe3 40. Qb2+ d4 41.
Qc2 f4 42. Qd1 d3 43. Qf1 Qe2 44. Qc1 d2 45. Qc3+ f6 46. Qa1 Bb3 47. Qa7+ Kh6
0-1

[Event "DRUZYNOWE MISTRZOSTWA POLSKI JUNIOROW - II LIGA"]
[Site "Szczyrk, CKiR Orle Gniazdo ul. Wrzosowa 28a"]
[Date "2014-07-27"]
[Round "4.37"]
[White "Lapaj, Mateusz"]
[Black "Korpalski, Maciej"]
[Result "1-0"]
[WhiteTitle "I++"]
[BlackTitle "I"]
[WhiteElo "2135"]
[BlackElo "1739"]

1. e4 c5 2. Nc3 d6 3. Nge2 e6 4. g3 Nf6 5. Bg2 Nc6 6. d4 cxd4 7. Nxd4 Bd7 8. Ndb5
Qb8 9. Bf4 Ne5 10. a4 Be7 11. O-O O-O 12. Qe2 a6 13. Na3 Qc7 14. Rfd1 Qb6 15.
Rab1 Rac8 16. Be3 Qc7 17. h3 Nc4 18. Nxc4 Qxc4 19. Qf3 b5 20. axb5 axb5 21. Rd4
Qc7 22. Rbd1 Rb8 23. R4d2 b4 24. Nb1 Bc6 25. Rd4 Ba8 26. Qe2 Rfc8 27. c3 e5 28.
Rxb4 Rxb4 29. cxb4 Bxe4 30. Bxe4 Nxe4 31. Nc3 Nf6 32. Bg5 Qb8 33. Bxf6 Bxf6 34.
Nd5 Bd8 35. Qd3 g6 36. Ra1 Rc6 37. Qf3 Kg7 38. b5 Rc5 39. b6 Bxb6 40. Qf6+ Kh6
41. Ne7 e4 42. Qxf7 d5 43. Ng8+ Kh5 44. Qxh7+ Kg5 45. Qh4+ Kf5 46. Qf6# 1-0

[Event "DRUZYNOWE MISTRZOSTWA POLSKI JUNIOROW - II LIGA"]
[Site "Szczyrk, CKiR Orle Gniazdo ul. Wrzosowa 28a"]
[Date "2014-07-27"]
[Round "4.38"]
[White "Korpalska, Joanna"]
[Black "Rosicki, Marcin"]
[Result "1-0"]
[WhiteTitle "I++"]
[BlackTitle "I"]
[WhiteElo "1695"]
[BlackElo "1776"]

1. e4 e5 2. Nf3 Nc6 3. Bc4 Nf6 4. d3 Bc5 5. c3 d6 6. Nbd2 a6 7. Bb3 O-O 8. Nf1
h6 9. Ng3 Ba7 10. O-O Re8 11. h3 Na5 12. Bc2 c5 13. Qe2 Nc6 14. Rd1 d5 15. Nh4
Qc7 16. Qf3 Qd6 17. Ngf5 Bxf5 18. Nxf5 Qe6 19. Bxh6 dxe4 20. dxe4 gxh6 21. Rd6
1-0

[Event "DRUZYNOWE MISTRZOSTWA POLSKI JUNIOROW - II LIGA"]
[Site "Szczyrk, CKiR Orle Gniazdo ul. Wrzosowa 28a"]
[Date "2014-07-27"]
[Round "4.39"]
[White "Gora, Szczepan"]
[Black "Wrobel, Michal"]
[Result "0-1"]
[WhiteTitle "III"]
[BlackTitle "I"]
[WhiteElo "1115"]
[BlackElo "1720"]

1. e4 e6 2. Nf3 d5 3. exd5 exd5 4. d4 Nc6 5. Nc3 Nf6 6. Bb5 Be7 7. O-O O-O 8. Re1
Bg4 9. Bxc6 bxc6 10. Qd3 Bxf3 11. Qxf3 h6 12. Bf4 Bd6 13. Bg3 Rb8 14. Rab1 Qd7
15. h3 Nh7 16. a3 f5 17. Na4 Ng5 18. Qd3 f4 19. Bh2 f3 20. Qf1 fxg2 21. Qxg2 Nf3+
22. Kh1 Nxh2 23. Re3 Rbe8 24. Rbe1 Rxe3 25. Rxe3 Qf5 26. Re2 Rf6 27. f4 Qxf4 28.
Re1 Nf1 29. Kg1 Qxd4+ 30. Kh1 Ng3+ 31. Kh2 Rf2 0-1

[Event "DRUZYNOWE MISTRZOSTWA POLSKI JUNIOROW - II LIGA"]
[Site "Szczyrk, CKiR Orle Gniazdo ul. Wrzosowa 28a"]
[Date "2014-07-27"]
[Round "4.40"]
[White "Kawaler, Adam"]
[Black "Guzik, Tomasz"]
[Result "1-0"]
[WhiteTitle "I"]
[BlackTitle "III"]
[WhiteElo "1610"]
[BlackElo "1284"]

1. e4 e5 2. Nf3 Nc6 3. Bb5 Bc5 4. O-O Nge7 5. c3 d5 6. Nxe5 dxe4 7. Nxf7 Kxf7 8.
Qh5+ g6 9. Qxc5 Be6 10. Qe3 Bf5 11. f3 exf3 12. Rxf3 a6 13. Bc4+ Kg7 14. d4 b5
15. Qh6+ Kf6 16. Bg5# 1-0

[Event "DRUZYNOWE MISTRZOSTWA POLSKI JUNIOROW - II LIGA"]
[Site "Szczyrk, CKiR Orle Gniazdo ul. Wrzosowa 28a"]
[Date "2014-07-27"]
[Round "4.41"]
[White "Konopacka, Martyna"]
[Black "Sekowska, Helena"]
[Result "1/2-1/2"]
[WhiteTitle "I"]
[BlackTitle "I"]
[WhiteElo "1715"]
[BlackElo "1489"]

1. e4 c5 2. Nc3 Nc6 3. g3 e6 4. Bg2 g6 5. d3 Bg7 6. Be3 d6 7. Qd2 Rb8 8. f4 Nge7
9. Nf3 Nd4 10. O-O O-O 11. Ne1 b5 12. Nd1 a5 13. c3 Ndc6 14. g4 f5 15. gxf5 exf5
16. Bf3 b4 17. Qg2 Rb6 18. Rf2 Bd7 19. Rc1 a4 20. e5 dxe5 21. Bxc5 Rb5 22. Bd6
exf4 23. Re2 Ne5 24. d4 Nxf3+ 25. Nxf3 Re8 26. Bxf4 Nd5 27. Bg5 Rxe2 28. Qxe2
Bf6 29. Bxf6 Nxf6 30. Qc4+ Kg7 31. Ne5 Nd5 32. Rc2 b3 33. Rg2 bxa2 34. Qxa2 Qh4
35. Nf2 Qh6 36. Qxa4 Nxc3 37. Qc2 Ra5 38. Rg3 Ra1+ 39. Kg2 Nd5 40. Nfd3 Ne3+ 41.
Rxe3 Qxe3 42. Qf2 Qg5+ 43. Qg3 Qd2+ 44. Qf2 Qg5+ 45. Qg3 Qd2+ 1/2-1/2

[Event "DRUZYNOWE MISTRZOSTWA POLSKI JUNIOROW - II LIGA"]
[Site "Szczyrk, CKiR Orle Gniazdo ul. Wrzosowa 28a"]
[Date "2014-07-27"]
[Round "4.42"]
[White "Frej, Hanna"]
[Black "Zamarska, Sylwia"]
[Result "0-1"]
[WhiteTitle "II"]
[BlackTitle "II"]
[WhiteElo "1356"]
[BlackElo "1313"]

1. e4 c6 2. c4 d5 3. exd5 cxd5 4. cxd5 Nf6 5. Qa4+ Nbd7 6. Nc3 g6 7. Nf3 Bg7 8.
d4 O-O 9. Be3 Nb6 10. Qb3 Nbxd5 11. Nxd5 Nxd5 12. Bc4 Nf6 13. O-O b6 14. Rad1
Bb7 15. d5 Rc8 16. Ne5 Kh8 17. d6 e6 18. Bf4 Bd5 19. Bxd5 Nxd5 20. Bg3 Bxe5 21.
Bxe5+ Kg8 22. Rfe1 Qd7 23. Qa3 Rc5 24. b3 f6 25. Bg3 Ra5 26. Qb2 e5 27. Re2 Qxd6
28. Red2 Qe6 29. b4 Rb5 30. a3 a5 31. Qb3 Rd8 32. h3 Kf7 33. Qc4 Qd7 34. a4 Rxb4
35. Qxd5+ Qxd5 36. Rxd5 Rxd5 37. Rxd5 Rxa4 38. f3 Rb4 39. Kf2 a4 40. Ke2 a3 41.
Rd1 Rb2+ 42. Kd3 b5 43. Rc1 a2 44. Ra1 b4 45. Kc4 b3 46. Kd3 Rb1 47. Rxb1 axb1=Q+
48. Ke3 Qd1 49. Kf2 b2 50. Ke3 b1=R 51. Kf2 Qe1# 0-1

[Event "DRUZYNOWE MISTRZOSTWA POLSKI JUNIOROW - II LIGA"]
[Site "Szczyrk, CKiR Orle Gniazdo ul. Wrzosowa 28a"]
[Date "2014-07-27"]
[Round "4.43"]
[White "Kanicki, Krzysztof"]
[Black "Janulek, Dawid"]
[Result "1/2-1/2"]
[WhiteTitle "I+"]
[BlackTitle "I"]
[WhiteElo "2028"]
[BlackElo "1878"]

1. e4 c5 2. Nf3 d6 3. d4 cxd4 4. Nxd4 Nf6 5. Nc3 a6 6. Be2 e5 7. Nb3 Be7 8. O-O
O-O 9. Be3 Be6 10. a4 Nbd7 11. Qd2 Qc7 12. a5 Rac8 13. Rfd1 Rfd8 14. Qe1 Qc6 15.
Bf3 Re8 16. h3 h6 17. Rd2 Nf8 18. Kh2 g5 19. Qd1 Ng6 20. g3 Kg7 21. Ra4 Qc7 22.
Ra1 Qc6 23. Nc1 Qd7 24. Bg2 Rc4 25. N1a2 Qc8 26. f3 Qd8 27. Bf1 Rc8 28. Nb4 Qc7
29. Bb6 Qd7 30. Ncd5 Bxd5 31. Nxd5 Nxd5 32. Rxd5 f5 33. exf5 Qxf5 34. Bd3 Qf7
35. Be4 h5 36. Qd3 h4 37. Bxg6 Qxg6 38. Qxg6+ Kxg6 39. c3 hxg3+ 40. Kxg3 Rc4 41.
Re1 Kf5 42. Rd3 Rec8 43. Rc1 Ke6 44. b3 Rh4 45. c4 Rch8 46. Rh1 Bd8 47. Bxd8 Rxd8
48. Rhd1 Rd7 49. Rd5 Rhh7 50. b4 Rh4 51. c5 Rxb4 52. Rxd6+ Rxd6 53. Rxd6+ Ke7
54. Rg6 Rb5 55. Rxg5 Rxc5 56. Rg7+ Kf6 57. Rxb7 Rxa5 1/2-1/2

[Event "DRUZYNOWE MISTRZOSTWA POLSKI JUNIOROW - II LIGA"]
[Site "Szczyrk, CKiR Orle Gniazdo ul. Wrzosowa 28a"]
[Date "2014-07-27"]
[Round "4.44"]
[White "Piela, Dominik"]
[Black "Marko, Piotr"]
[Result "1/2-1/2"]
[WhiteTitle "II+"]
[BlackTitle "II"]
[WhiteElo "1565"]
[BlackElo "1628"]

1. e4 e5 2. Nf3 Nc6 3. Nc3 Nf6 4. Nxe5 Nxe5 5. d4 Ng6 6. e5 Ng8 7. Bc4 d5 8. Bxd5
c6 9. Bb3 Be6 10. Ne4 Qd7 11. Be3 Be7 12. Qd2 Bd5 13. f3 f6 14. e6 Qxe6 15. O-O
f5 16. Ng5 Qd7 17. c4 Bf7 18. Nxf7 Kxf7 19. c5+ Kf8 20. g4 Rd8 21. Qc2 Bf6 22.
Rad1 N8e7 23. g5 Nd5 24. Bxd5 Qxd5 25. gxf6 gxf6 26. Qb3 Qxb3 27. axb3 Rg8 28.
Kf2 Kf7 29. Rg1 Rd5 30. Rd3 Rgd8 31. Rgd1 f4 32. Bc1 Rh5 33. Rh1 Rxc5 34. dxc5
Rxd3 35. Ke2 Rxb3 36. Rd1 Ne5 37. Bxf4 Rxb2+ 38. Ke3 Rb3+ 39. Ke4 Ke7 40. Bxe5
fxe5 41. Kxe5 Rxf3 42. Rb1 b5 43. cxb6 axb6 44. Rxb6 Re3+ 45. Kd4 Re6 46. Rb7+
Kd6 47. Rxh7 c5+ 48. Kc4 Re4+ 49. Kd3 Rd4+ 50. Kc3 Ke6 51. Rh5 Kf6 52. Rh8 Kg7
53. Rh5 Kg6 54. Rxc5 1/2-1/2

[Event "DRUZYNOWE MISTRZOSTWA POLSKI JUNIOROW - II LIGA"]
[Site "Szczyrk, CKiR Orle Gniazdo ul. Wrzosowa 28a"]
[Date "2014-07-27"]
[Round "4.45"]
[White "Miszkielo, Bartosz"]
[Black "Klepek, Witold"]
[Result "0-1"]
[WhiteTitle "I"]
[BlackTitle "I"]
[WhiteElo "1678"]
[BlackElo "1892"]

1. Nf3 Nf6 2. c4 g6 3. b3 Bg7 4. Bb2 O-O 5. g3 d6 6. Bg2 e5 7. d3 Nc6 8. O-O h6
9. Nfd2 Ne8 10. f4 Qe7 11. Nc3 f5 12. Nd5 Qf7 13. b4 Be6 14. b5 Nd8 15. fxe5 dxe5
16. Nf3 c6 17. bxc6 bxc6 18. Nb4 Qc7 19. Kh1 a5 20. Nc2 Nf7 21. Nh4 Kh7 22. g4
f4 23. Be4 Nh8 24. e3 Nf6 25. Bf3 Rad8 26. exf4 exf4 27. Qe2 Rfe8 28. Be5 Qd7
29. Qg2 Bxg4 30. Bxc6 f3 31. Qg3 Qxc6 0-1

[Event "DRUZYNOWE MISTRZOSTWA POLSKI JUNIOROW - II LIGA"]
[Site "Szczyrk, CKiR Orle Gniazdo ul. Wrzosowa 28a"]
[Date "2014-07-27"]
[Round "4.47"]
[White "Rogacka, Natalia"]
[Black "Kaszok, Weronika"]
[Result "1/2-1/2"]
[WhiteTitle "II+"]
[BlackTitle "II"]
[WhiteElo "1509"]
[BlackElo "1365"]

1. e4 c6 2. d4 d5 3. e5 Bf5 4. Nf3 Nd7 5. Bd3 Bxd3 6. Qxd3 e6 7. Be3 Qc7 8. Nbd2
c5 9. c4 Nb6 10. Rc1 Rd8 11. cxd5 Rxd5 12. O-O Qd7 13. Qc3 cxd4 14. Bxd4 Ne7 15.
Bxb6 axb6 16. Nc4 Nc8 17. b4 Rd3 18. Qb2 b5 19. Ne3 Be7 20. Rfd1 O-O 21. Rxd3
Qxd3 22. Rd1 Qe4 23. Rd4 Qc6 24. h3 Nb6 25. a3 Nc4 26. Qb3 Rc8 27. Qd3 h6 28.
Nf1 Nb2 29. Qd2 Nc4 30. Qd3 Nb2 31. Qd2 Nc4 32. Qd3 Nb2 33. Qd2 Nc4 34. Qd3 Nb2
35. Qd2 Nc4 36. Qd3 Nb2 37. Qd2 Nc4 38. Qd3 Nb2 39. Qd2 Nc4 40. Qd3 Nb2 1/2-1/2

[Event "DRUZYNOWE MISTRZOSTWA POLSKI JUNIOROW - II LIGA"]
[Site "Szczyrk, CKiR Orle Gniazdo ul. Wrzosowa 28a"]
[Date "2014-07-27"]
[Round "4.48"]
[White "Orlik, Sandra"]
[Black "Czarniecka, Aleksandra"]
[Result "0-1"]
[WhiteTitle "II"]
[BlackTitle "I"]
[WhiteElo "1288"]
[BlackElo "1260"]

1. e4 c5 2. Nf3 d6 3. d4 cxd4 4. Nxd4 Nf6 5. Nc3 a6 6. Be2 e6 7. O-O Be7 8. f4
O-O 9. Kh1 Qc7 10. a4 Nc6 11. Be3 Bd7 12. f5 Nxd4 13. Qxd4 e5 14. Qd3 Bc6 15.
Rad1 Rfd8 16. Qc4 Rac8 17. Bf3 Qb8 18. Qb3 h6 19. Rfe1 Rd7 20. g4 b5 21. axb5
Rb7 22. b6 Bd8 23. Qa3 Bxb6 24. Qxa6 Bxe3 25. Rxe3 Rxb2 26. Qd3 Rd8 27. Ree1 Qc7
28. Rb1 Rxb1 29. Rxb1 Rc8 30. Rc1 Bb7 31. Ne2 Qd8 32. Nc3 Qa5 33. Ne2 d5 34. exd5
e4 35. Qb3 Bxd5 36. Qe3 exf3 37. Nf4 f2+ 38. Ng2 Rxc2 39. Rf1 Qb5 0-1

[Event "DRUZYNOWE MISTRZOSTWA POLSKI JUNIOROW - II LIGA"]
[Site "Szczyrk, CKiR Orle Gniazdo ul. Wrzosowa 28a"]
[Date "2014-07-27"]
[Round "4.49"]
[White "Banach, Szymon"]
[Black "Tomaka, Marek"]
[Result "0-1"]
[WhiteTitle "I+"]
[BlackTitle "II"]
[WhiteElo "1891"]
[BlackElo "1623"]

1. e4 c5 2. Nc3 a6 3. g3 g6 4. Bg2 Bg7 5. f4 e6 6. Nf3 Ne7 7. O-O d6 8. Ne2 Nbc6
9. c3 d5 10. e5 h5 11. d4 c4 12. b3 b5 13. Ba3 Nf5 14. Qd2 Bb7 15. bxc4 dxc4 16.
Ng5 Bf8 17. Bxf8 Kxf8 18. a4 Qb6 19. Ne4 Rd8 20. axb5 axb5 21. Nc5 Qxc5 22. Qb2
Qb6 23. Rfb1 Nce7 24. Qxb5 Qxb5 25. Rxb5 Bxg2 26. Kxg2 Kg7 27. Rab1 Ra8 28. Kf3
Nd5 29. h3 h4 30. g4 Ng3 31. Nxg3 hxg3 32. Rc5 Rhc8 33. Rxc8 Rxc8 34. f5 Nxc3
35. Rb7 gxf5 36. gxf5 Kg8 37. fxe6 fxe6 38. Rb2 Nd5 39. Kxg3 c3 40. Rc2 Nb4 41.
Rc1 c2 0-1